Statistics for A-Z Wikipedia Famous Person Quiz - Čeština

Click here to take the quiz!

General Stats

  • This quiz has been taken 184 times
  • The average score is 16 of 26

Answer Stats

A-ZClue / VodítkoAnswer% Correct
Akrálovna Spojeného království a hlava Commonwealthu (1926-)Alžběta II.
96%
Tprvní československý prezident (1850-1937)Tomáš Garrigue Masaryk
87%
Nfrancouzský vojevůdce a císař (1769-1821)Napoleon Bonaparte
86%
Ečeskoslovenský běžec, čtyřnásobný olympijský vítěz (1922-2000)Emil Zátopek
85%
Cportugalský fotbalista (1985-)Cristiano Ronaldo
82%
Zprezidentka Slovenské republiky (1973-)Zuzana Čaputová
81%
F266. papež římskokatolické církve (1936-)František
77%
Vdisident, dramatik, esejista a prezident České republiky (1938-2011)Václav Havel
75%
Pmanžel britské královny Alžběty II. (1921-2021)Princ Philip
74%
Kčeský spisovatel (1890-1938)Karel Čapek
72%
Wanglický básník a dramatik (1564-1616)William Shakespeare
71%
Mčeský prognostik a politik, bývalý premiér, 3. prezident České republiky (1944-)Miloš Zeman
69%
Jsovětský politik, revolucionář a diktátor (1878-1953)Josif Stalin
64%
Ibritský fyzik, matematik, astronom, filosof a teolog (1643-1727)Isaac Newton
63%
Hčeská zpěvačka a herečka (1946-)Hana Zagorová
60%
Qamerický režisér (1963-)Quentin Tarantino
60%
Uzakladatel teroristické organizace al-Káida (1957-2011)Usáma bin Ládin
60%
Rřímský císař, král český, uherský a chorvatský, markrabě moravský a arcivévoda rakouský (1552-1612)Rudolf II
56%
Lbristký pilot Formule 1 (1985-)Lewis Hamilton
53%
Sčeský kníže (907-935)Svatý Václav
53%
Yčeský rapper (1991-)Yzomandias
51%
B265. katolický papež, nyní emeritní (1927-)Benedikt XVI.
50%
Gamerický politik (1946-)George W Bush
43%
Oněmecký obchodník známý tím, že zachránil 1200 Židů před smrtí v koncentračním nebo vyhlazovacím táboře (1908-1974)Oskar Schindler
34%
Xamerický rapper (1998-2018)XXXTentacion
28%
Dčeská členka České národní rady, dabérka, divadelní herečka, filmová herečka, herečka a televizní herečka (1946-)Daniela Kolářová
11%

Score Distribution

Percentile by Number Answered

Percent of People with Each Score

Your Score History

You have not taken this quiz